[Event "BRA-ch U2000 Amateurs"]
[Site "Sao Paulo"]
[Date "2022.06.19"]
[Round "7"]
[White "Nobre, Jailson Altair Barb"]
[Black "Pironti, Francisco Ferrari"]
[Result "1-0"]
[WhiteElo "1603"]
[BlackElo "1810"]
[PlyCount "64"]
[EventDate "2022.06.16"]
[EventType "swiss"]
[EventRounds "7"]
[EventCountry "BRA"]
[SourceTitle "CBM 208 Extra"]
[Source "ChessBase"]
[SourceDate "2022.07.31"]
[SourceVersion "1"]
[SourceVersionDate "2022.07.31"]
[SourceQuality "1"]

1. Nf3 g6 2. g3 Bg7 3. Bg2 e5 4. d3 d5 5. Bg5 Qd6 6. Nc3 h6 7. Bd2 c6 8. 0-0 Ne7 9. Qc1 h5 10. h4 0-0 11. Bh6 Be6 12. Bxg7 Kxg7 13. Qd2 f6 14. b4 Nd7 15. Rab1 f5 16. Ng5 f4 17. Nxe6+ Qxe6 18. b5 Nf5 19. e4 fxe3 20. fxe3 Nxg3 21. Rxf8 Rxf8 22. bxc6 bxc6 23. Rb7 Rf7 24. Rxa7 Qg4 25. Ra4 d4 26. exd4 exd4 27. Qe1 Qxh4 28. Ne4 Rf1+ 29. Bxf1 Qh1+ 30. Kf2 Qh2+ 31. Bg2 Ne5 32. Ra7+ Kf8 1-0

[Event "BRA-ch U2000 Amateurs"]
[Site "Sao Paulo"]
[Date "2022.06.16"]
[Round "2"]
[White "Dias, Joao Batista de Sou"]
[Black "Nobre, Jailson Altair Barb"]
[Result "0-1"]
[WhiteElo "1851"]
[BlackElo "1603"]
[PlyCount "42"]
[EventDate "2022.06.16"]
[EventType "swiss"]
[EventRounds "7"]
[EventCountry "BRA"]
[SourceTitle "CBM 208 Extra"]
[Source "ChessBase"]
[SourceDate "2022.07.31"]
[SourceVersion "1"]
[SourceVersionDate "2022.07.31"]
[SourceQuality "1"]

1. e4 c5 2. Nf3 e6 3. d4 cxd4 4. Nxd4 a6 5. Be2 Qc7 6. Be3 Nf6 7. Nd2 d5 8. Bf3 dxe4 9. Nxe4 Be7 10. 0-0 0-0 11. Qe2 Nbd7 12. Nxf6+ Nxf6 13. c4 e5 14. Nb3 e4 15. Bh5 g6 16. g4 gxh5 17. Bh6 Nxg4 18. f4 exf3 19. Rxf3 Nxh6 20. Rg3+ Bg5 21. Qe3 Nf5 0-1